La legitimidad en el estado social de derecho (Registro nro. 30968)

Detalles MARC
000 -CABECERA
Longitud fija campo de control 00946nam a2200193 a 4500
003 - • IDENTIFICADOR DELl NÚMERO DE CONTROL
Identificador del número de control CO-ViMGA
008 - • CÓDIGOS DE INFORMACIÓN DE LONGITUD FIJA
Códigos de información de longitud fija 141112s2004 ck r 000 u spa d
040 ## - FUENTE DE LA CATALOGACIÓN
Centro catalogador de origen CO-ViMGA
Lengua de catalogación spa
Centro transcriptor CO-ViMGA
082 04 - • NÚMERO DE LA CLASIFICACIÓN DECIMAL DEWEY
Número de clasificación (R) 341.26 R637l
100 1# - • PUNTO DE ACCESO PRINCIPAL-NOMBRE DE PERSONA
Nombre de persona Rodriguez, Julio Armando
245 10 - • TITULO PROPIAMENTE DICHO
Título La legitimidad en el estado social de derecho
300 ## - • DESCRIPCIÓN FÍSICA
Extensión 132
505 ## - • NOTA DE CONTENIDO CON FORMATO
Nota de contenido con formato Aspectos teoricos conceptuales sobre la legitimidad 13 - 33 - - El concepto de estado social 35 - 47 - - Estado social de derecho y estado de derecho 53 - 61 - - La corrupcion como factor de ilegitimidad 67 - - La ineficiencia del estado como factor de ilegitimidad 83 - - Legitimidad y derechos fundamentales 101
590 ## - NOTAS LOCALES
Nota local Forma de adquisición : Compra - - Precio : 18000 - - Proveedor : Dismet - - Fecha de adquisición : 2008
650 14 - • PUNTO DE ACCESO ADICIONAL DE MATERIA - TÉRMINO DE MATERIA
Término de materia o nombre geográfico como elemento inicial LEGITIMIDAD DE LOS GOBIERNOS - ESTADO SOCIAL DE DERECHO
942 ## - ENTRADA DE ELEMENTOS AGREGADOS (KOHA)
Fuente de clasificaión o esquema Dewey Decimal Classification
Koha [por defecto] tipo de item LIbro
Existencias
Perdido Fuente de clasificación o esquema Estado Físico No para préstamo Forma de adquisición Localización permanente Localización actual Fecha adquisición Serie de enumeración / cronolog&íacute;a Préstamos totales Signatura completa Código de barras Fecha última consulta Número de copia Fecha del precio de reemplazo Tipo de item de Koha
  Dewey Decimal Classification     Sala Especializada Tercer Piso Biblioteca Pública Germán Arciniegas - Villavicencio Biblioteca Pública Germán Arciniegas - Villavicencio 12/04/2015 Volumen. 1 | 11/jun/2009   341.26 R637l 22668 12/04/2015 Ej. 1 12/04/2015 LIbro









Instituto Departamental de Cultura del Meta - Red Departamental de Bibliotecas Públicas del Meta.